00624nam a2200181 4500008004100000020001800041082001500059245007200074260004900146300001000195650004400205650004200249650004400291700002200335700002500357700002700382700003300409240117b |||||||| |||| 00| 0 eng d a9789551031152 a305.3bGEN aGender dimensions of the millennium development goals in Sri Lanka  aColombo:bCentre for women's research,c2007 a32 p. aMillennium Development Goals- Sri Lanka aWomen- Sri Lanka- Economic conditions aWomen in development- Government policy aJayaweera, Swarna aWijemanne, Hiranthi  a Wanasundera, Leelangi aVitarana, Kamini Meedeniya